[Event "Thessaloniki-Chalkidiki-chT B local"]
[Site "Thessaloniki"]
[Date "2019.03.03"]
[Round "7.2"]
[White "Cook, Michael Antony"]
[Black "Steiakakis, Konstantinos"]
[Result "1-0"]
[WhiteElo "1926"]
[BlackElo "1392"]
[PlyCount "51"]
[EventDate "2019.01.13"]
[EventType "team-swiss"]
[EventRounds "9"]
[EventCountry "GRE"]
[SourceTitle "EXT 2020"]
[Source "ChessBase"]
[SourceDate "2019.10.17"]
[SourceVersion "1"]
[SourceVersionDate "2019.10.17"]
[SourceQuality "1"]

1. e4 e5 2. Nf3 Nc6 3. Bc4 h6 4. d4 exd4 5. 0-0 Bb4 6. Nxd4 Ne5 7. Bb3 d6 8. f4 Ng6 9. Qe2 Bc5 10. c3 N8e7 11. Be3 Bd7 12. Nd2 Nc6 13. Kh1 Qe7 14. Rae1 0-0-0 15. Bc2 Nh4 16. Qf2 g5 17. Nf5 Nxf5 18. Bxc5 dxc5 19. exf5 Qd6 20. Ne4 Qxf4 21. Qxf4 gxf4 22. Rxf4 Rde8 23. Rd1 b6 24. Nf6 Re2 25. Bd3 Nb8 26. Bxe2 1-0